<?xml version="1.0" encoding="UTF-8"?>
<collection xmlns="http://www.loc.gov/MARC21/slim">
 <record>
  <leader>     na                 </leader>
  <controlfield tag="001">INLIS000000000009010</controlfield>
  <controlfield tag="005">20200508204621</controlfield>
  <controlfield tag="008">200508|||||||||   |   |||   |||| ||eng||</controlfield>
  <datafield tag="020" ind1=" " ind2=" ">
   <subfield code="a">9781843926191</subfield>
  </datafield>
  <datafield tag="035" ind1=" " ind2=" ">
   <subfield code="0">010-0520009010</subfield>
  </datafield>
  <datafield tag="041" ind1=" " ind2=" ">
   <subfield code="a">eng</subfield>
  </datafield>
  <datafield tag="082" ind1="0" ind2=" ">
   <subfield code="a">364.68</subfield>
  </datafield>
  <datafield tag="084" ind1=" " ind2=" ">
   <subfield code="a">364.68/ JO/H</subfield>
  </datafield>
  <datafield tag="100" ind1="0" ind2=" ">
   <subfield code="a">Johnstone</subfield>
  </datafield>
  <datafield tag="700" ind1="0" ind2=" ">
   <subfield code="a">Gerry. [Ed.] Van Ness</subfield>
  </datafield>
  <datafield tag="700" ind1="0" ind2=" ">
   <subfield code="a">Daniel W.</subfield>
  </datafield>
  <datafield tag="700" ind1="0" ind2=" ">
   <subfield code="a">1949-</subfield>
  </datafield>
  <datafield tag="245" ind1="0" ind2="0">
   <subfield code="a">Handbook of Restorative Justice</subfield>
  </datafield>
  <datafield tag="260" ind1=" " ind2=" ">
   <subfield code="a">Cullompton</subfield>
   <subfield code="b">portland or wilan</subfield>
   <subfield code="c">2007</subfield>
  </datafield>
  <datafield tag="300" ind1=" " ind2=" ">
   <subfield code="a">xxii, 650 p.</subfield>
   <subfield code="b">: ill. ;</subfield>
   <subfield code="c">25 cm.</subfield>
  </datafield>
  <datafield tag="520" ind1=" " ind2=" ">
   <subfield code="a">definition and practice of restorative justice, and all are worth listening to carefully. The 29 chapters are grouped somewhat loosely into seven sections, each of which opens with a helpful summary by the editors of the main ideas that emerge in the discussion that follows. Essays in Part 1 deal with the increasingly contested definition of restorative justice and the meaning of its key ideas and principles (including what I think is an outstanding essay on restorative justice values). In Part 2, the contributors examine the alleged roots of restorative justice in indigenous and biblical traditions, as well as in more recent social movements such as feminism, civil rights and the victims movement. In Part 3, the essays focus more on restorative processes and practices, while those in the following section discuss the application of restorative approaches in different social contexts, such as policing, prisons, schools, truth commissions and terrorism. The two detailed essays in Part 5 give an up-to-date account of what empirical evaluations of restorative justice schemes have discovered. These are followed by several contributions in Part 6 that trace the international spread and diversification of restorative justice. Finally, in Part 7, the future of restorative justice is discussed, both its future in the criminal justice system and its intellectual future, specifically the extent to which it can, or should, attempt to formulate a universalizable theory of justice. Bringing together such a wide range of high quality offerings on restorative justice has been no small undertaking for the editors, and they are to be warmly thanked for doing so. They have created an outstanding resource book that will serve for many years to come as the premiere teaching aid and reference work in the field. I highly commend it to all restorative justice practitioners, policy makers, criminal justice professionals and academic commentators.</subfield>
  </datafield>
  <datafield tag="650" ind1=" " ind2="0">
   <subfield code="a">Restorative justice --Handbooks, manuals, etc.</subfield>
  </datafield>
  <datafield tag="500" ind1=" " ind2=" ">
   <subfield code="a">&lt;a href=&quot;https://link.gale.com/apps/pub/3ERI/GVRL?sid=gale_marc&amp;u=idmk&quot;&gt;e-book&lt;/a&gt;</subfield>
  </datafield>
 </record>
</collection>
